| 000 | 00631nam a2200265Ia 4500 | ||
|---|---|---|---|
| 008 | 210210b2011 xxu||||| |||| 00| 0 eng d | ||
| 020 | _a9788178848297 | ||
| 041 | _aeng | ||
| 082 | _a820.5 PRAN | ||
| 100 | _aPRASAD (Ambika) | ||
| 245 | _aNehru in parliament: on social economic and foreign policy | ||
| 260 |
_aNew Delhi _bCyber Tech Publications _c2011 |
||
| 300 | _ax,350 | ||
| 650 | _asocial | ||
| 650 | _apolicy | ||
| 650 | _aparliament: | ||
| 650 | _aon | ||
| 650 | _aNehru | ||
| 650 | _ain | ||
| 650 | _aforeign | ||
| 650 | _aeconomic | ||
| 650 | _aand | ||
| 690 | _aEnglish Speeches | ||
| 906 | _a066487 | ||
| 999 |
_c147854 _d147854 |
||